Statistics for Bob Dylan Quotes Quiz

Click here to take the quiz!

General Stats

  • This quiz has been taken 723 times
  • The average score is 5 of 7

Answer Stats

Quote Answer % Correct
How many _____ must a man walk down before you call him a man?roads
96%
Then you better start swimmin’ or you’ll sink like a stone. For the times they are a-_______’changin'
96%
How does it feel? To be on your own, with no direction home, like a complete unknown, like a _______ stone?rolling
94%
How many years must a people exist before they’re allowed to be ____?free
89%
He not busy being born is busy _____.dying
77%
You can’t be wise and in ____ at the same time.love
68%
Money doesn’t talk, it ______.swears
29%

Score Distribution

Percentile by Number Answered

Percent of People with Each Score

Your Score History

You have not taken this quiz